| 000 | 01577cam a2200325 a 4500 | ||
|---|---|---|---|
| 001 | 12754706 | ||
| 003 | OSt | ||
| 005 | 20140403183924.0 | ||
| 008 | 010830s2001 ug l 000 0 eng | ||
| 010 | _a 2001295506 | ||
| 035 | _a(DLC) 2001295506 | ||
| 040 |
_aDLC _cDLC _dDLC |
||
| 042 | _alcode | ||
| 043 | _af-ug--- | ||
| 050 | 0 | 0 |
_aKTW54 _b.A28 2001 |
| 082 | 0 | 0 |
_a346 KAL _221 |
| 110 | 1 |
_aUganda. _9554 |
|
| 245 | 1 | 0 |
_aKALR's family practice legislation of Uganda : _bas of 1st January 2007 / _cedited by Ladislaus Kiiza Rwakafuuzi. |
| 246 | 3 | _aFamily practice legislation of Uganda | |
| 260 |
_aKampala : _bKampala Law Reports, _c[2001] |
||
| 300 |
_a1 v. (various pagings) ; _c24 cm. |
||
| 505 | 0 | _aThe Succession Act -- The Administrator General's Act -- The Public Trustee Act -- The Trustees Act -- The Trustees Incorporation Act -- The Children Statute -- The Adoption of Children Rules -- The Family and Children Court Rules -- The National Council for Children Statute -- The Marriage and Divorce of Mohammedans Act -- The Divorce Act -- The Marriage Act -- The Customary Marriage (Registration) Decree -- The Administration of Estates (Small Estates) (Special Provisions) Decree -- The Probate (Re-Sealing) Act. | |
| 650 | 0 |
_aDomestic relations _zUganda. _91994 |
|
| 650 | 0 |
_aDomestic relations courts _zUganda. _91995 |
|
| 700 | 1 |
_aRwakafuuzi, Ladislaus Kiiza. _91996 |
|
| 710 | 2 |
_aKampala Law Reports (Firm) _91997 |
|
| 906 |
_a7 _bcbc _corigode _d2 _encip _f20 _gy-gencatlg |
||
| 942 |
_2ddc _cBK |
||
| 999 |
_c728 _d728 |
||